000 00513nam a2200181Ia 4500
005 20250326124917.0
008 250326s9999 xx 000 0 und d
037 _aTextbook
040 _aFMSL
_beng
_cFMSL
041 _aeng
_2eng
084 _aX:8F K6
_qFMSL
100 _aVance L L
_9738205
245 0 _aAccounting principles and control
_cVance L L; Taussig R
260 _aNY Holt
_bNY Holt, Rinehart And winston
_c1966
300 _a782p
942 _cTB
_hX:8F K6
999 _c1275741
_d1275741